00314nam a22001097a 4500082001800000100002200018245006000040260003900100300001100139650002100150650003300171 aPKP A72 V212i aRavi and Vajiram  aGeneral studies bIndian economy cby Vajiram and Ravi  aNew DelhibVajiram and Ravi c2022 a323p.  aGeneral studies  aIndia - Economic conditions